• 首页
  • 本馆介绍
  • 公告通知
  • 最新文献
  • 馆藏检索
  • 电子资源
  • 读者导购
  • 参考咨询
  • 我的图书馆
  • 登录
  • 详细信息显示
  • 放入我的书架
  • 预约/预借图书
  • 作者相关作品
  • 分类相关作品
  • 丛书相关作品
  • 出版社相关作品

书目信息

  • 表格格式
  • 工作单格式
  • 卡片格式
题名:
用友ERP财务管理系统实验教程
    
 
作者: 王新玲 , 房琳琳 主编
分册:  
出版信息: 北京   清华大学出版社  2006
页数: 10,289页
开本: 24cm
丛书名: 用友ERP系列丛书
单 册:
中图分类: F275-39
科图分类:
主题词: 计算机应用--企业管理--财务管理--教材 , 计算机应用 , 企业管理 , 财务管理
电子资源:
ISBN: 978-7-302-13865-5
000 01113oam2 2200325 450
001 523
005 20140909092359.70
010    @a978-7-302-13865-5@dCNY33.00
100    @a20070226d2006 em y0chiy50 ea
101 0  @achi
102    @aCN@b110000
105    @ay z 000yy
106    @ar
200 1  @a用友ERP财务管理系统实验教程@f王新玲,房琳琳主编
210    @a北京@c清华大学出版社@d2006
215    @a10,289页@d24cm
225 2  @a用友ERP系列丛书
300    @a用友ERP认证系列实验用书
307    @a附光盘:ISBN 7-89486-118-9
330    @a本书首先介绍了用友ERP-U8(V8.61)管理软件的使用基础——系统管理和基础设置;接着分别介绍了用友ERP财务管理系统中最重要和最基础的总账、报表、薪资管理、固定资产、应收款管理和应付款管理等几个子系统的基本功能,并以实验的形式介绍了以上模块的使用方法。
410  0 @12001 @a用友ERP系列丛书
606 0  @a计算机应用@x企业管理@x财务管理@j教材
606 0  @a计算机应用
606 0  @a企业管理
606 0  @a财务管理
690    @aF275-39@v5
701  0 @a王新玲@4主编
701  0 @a房琳琳@4主编
801  0 @aCN@bTANGWEI@c20140603
905    @b0842423-25@dF275-39@e1091@f3
    
    用友ERP财务管理系统实验教程/王新玲,房琳琳主编.-北京:清华大学出版社,2006
    10,289页;24cm.-(用友ERP系列丛书)
    用友ERP认证系列实验用书
    
    ISBN 978-7-302-13865-5:CNY33.00
    本书首先介绍了用友ERP-U8(V8.61)管理软件的使用基础——系统管理和基础设置;接着分别介绍了用友ERP财务管理系统中最重要和最基础的总账、报表、薪资管理、固定资产、应收款管理和应付款管理等几个子系统的基本功能,并以实验的形式介绍了以上模块的使用方法。
●
相关链接 在E读中查询图书 在五车中查询图书 在当当中查询图书 在豆瓣中查询图书


正题名:用友ERP财务管理系统实验教程     索取号:F275-39/1091         预约/预借

序号 登录号 条形码 馆藏地/架位号 状态 备注
1 0842423   208424230   第一样本阅览室/ [索取号:F275-39/1091] 在馆    
2 0842424   208424249   密集书库-海洋学院/ [索取号:F275-39/1091] 在馆    
3 0842425   208424258   第一借阅区/ [索取号:F275-39/1091] 在馆    
唐山师范学院图书馆 欢迎您!
大连网信软件有限公司© 版权所有